An outline of the theory of functions of a real variable /
Guardado en:
| Autor Principal: | |
|---|---|
| Otros Autores: | |
| Formato: | Libro |
| Idioma: | English |
| Publicado: |
[New York] :
New York University, [Institute of Mathematical Sciences],
1956/7.
|
| Etiquetas: |
Agregar Etiqueta
Sin Etiquetas, Sea el primero en etiquetar este registro!
|
| LEADER | 00542nam a22001455a 4500 | ||
|---|---|---|---|
| 001 | MAT.inmabb001401 | ||
| 008 | 031124s1956####nyu###########000#0#eng#d | ||
| 005 | 20170815142805.0 | ||
| 245 | 1 | 3 | |a An outline of the theory of functions of a real variable / |c J. Berkowitz ; notes by Karen Frederick. |
| 260 | |a [New York] : |b New York University, [Institute of Mathematical Sciences], |c 1956/7. | ||
| 300 | |a 114 h. ; |c 28 cm. | ||
| 100 | 1 | |a Berkowitz, J. | |
| 700 | 1 | |a Frederick, Karen. |4 xxx | |
| 084 | |a 26-XX |a 28-XX |2 msc2000 | ||
| 859 | |h 26 |i B513 |p A-1664 |b BIB. MATEMATICA | ||
